'19 Kids and Counting' Children Quiz Stats

Quiz Updated Oct 19, 2016

Challenge
Share
Tweet
Embed
Score 0/19 Timer 03:00
0 Plays Today
Age J-Name % Correct
13James Andrew Duggar
71%
26Joshua Duggar
70.2%
5Josie Brooklyn Duggar
63.3%
7Jennifer Duggar
63%
23Jill Duggar
63%
21Jinger Duggar
60.7%
22Jessa Duggar
60.3%
15Jeremiah Duggar
59.6%
17Joy-Anna Duggar
54.8%
19Joseph Duggar
54.7%
Age J-Name % Correct
24John-David Duggar
54.5%
10Jackson Duggar
54.5%
24Jana Duggar
53.7%
15Jedidiah Duggar
51.9%
18Josiah Duggar
51.2%
14Jason Duggar
49.9%
12Justin Duggar
46.7%
6Jordyn-Grace Makiya Duggar
43%
9Johannah Faith Duggar
41.5%

You're not logged in!

Compare scores with friends on all Sporcle quizzes.
Join for Free
OR
Log In

You Might Also Like...

Show Comments

Extras

Top Quizzes Today


Score Distribution

Your Account Isn't Verified!

In order to create a playlist on Sporcle, you need to verify the email address you used during registration. Go to your Sporcle Settings to finish the process.

Report this User

Report this user for behavior that violates our Community Guidelines.

Details: